Loading...
| Literature - European | 0 | 6 | 0 | 1 | 60 | 37 | 95.00 | 2 | 5 | 0.00 | 0.00 |
| Literature - World | 0 | 6 | 1 | 1 | 55 | 80 | 111.50 | 2 | 4 | 0.00 | 0.00 |
| Literature - British | 0 | 6 | 1 | 1 | 55 | 70 | 110.83 | 1 | 4 | 0.00 | 0.00 |
| Literature - American | 0 | 5 | 2 | 0 | 40 | 48 | 76.60 | 4 | 5 | 0.00 | 0.00 |
| Science - Chemistry | 0 | 4 | 1 | 1 | 35 | 69 | 93.25 | 0 | 2 | 0.00 | 0.00 |
| Science - Biology | 0 | 4 | 2 | 2 | 30 | 54 | 96.75 | 1 | 3 | 0.00 | 0.00 |
| Social Science | 0 | 2 | 0 | 0 | 20 | 78 | 91.00 | 1 | 2 | 0.00 | 0.00 |
| Science - Physics | 0 | 2 | 0 | 1 | 20 | 117 | 122.50 | 0 | 2 | 0.00 | 0.00 |
| Philosophy | 0 | 2 | 1 | 1 | 15 | 98 | 116.50 | 0 | 0 | 0.00 | 0.00 |
| Science - Other | 0 | 1 | 0 | 1 | 10 | 127 | 127.00 | 0 | 0 | 0.00 | 0.00 |
| Fine Arts - Painting and Sculpture | 0 | 1 | 1 | 0 | 5 | 96 | 96.00 | 0 | 0 | 0.00 | 0.00 |
| Fine Arts - Other | 0 | 1 | 1 | 0 | 5 | 48 | 48.00 | 1 | 1 | 0.00 | 0.00 |
| History - European | 0 | 0 | 1 | 0 | -5 | 0.00 | 0 | 0 | 0.00 | 0.00 |